000 00543pam a2200205 a 4500
001 2387961
005 20180208092447.0
008 851104s1986 nyu 001 0 eng
010 _a 85028061
020 _a002907990X
040 _aDLC
_cDLC
_dDLC
041 _aeng
080 _a621.38170688 WIL
082 0 0 _a621.38170688 WIL
_219
100 1 _a60
101 _aMAR
245 1 0 _aMarketing high technology :
_cWilliam H. Davidow.
906 _a7
_bcbc
_corignew
_d1
_eocip
_f19
_gy-gencatlg
942 _2ddc
_cBK
999 _c42179
_d42179